[Event "3ème Open de l'Ouest Toulosain "]
[Site "Colomiers 2008"]
[Date "2008.02.28"]
[Round "5.10"]
[White "Nepeina Leconte, Maria"]
[Black "Sanchez, Nicolas"]
[Result "1/2-1/2"]
[WhiteElo "2345"]
[BlackElo "2216"]
[PlyCount "47"]
[EventDate "2008.02.??"]
[EventType "swiss"]
[EventRounds "9"]
[EventCountry "FRA"]

1. e4 c5 2. Nf3 d6 3. d4 cxd4 4. Nxd4 Nf6 5. Nc3 a6 6. Bg5 e6 7. f4 Nbd7 8. Qf3
Qc7 9. O-O-O b5 10. Bd3 Bb7 11. Rhe1 Qb6 12. Nd5 Qxd4 13. Bxf6 gxf6 14. Bxb5
Qc5 15. b4 Qa7 16. Bxd7+ Kxd7 17. Nxf6+ Kd8 18. Qh5 Bc6 19. Nxh7 f6 20. Qa5+
Qc7 21. Nxf8 Qxa5 22. bxa5 Rxf8 23. Rxd6+ Kc7 24. Rxe6 1/2-1/2

[Event "3ème Open de l'Ouest Toulosain "]
[Site "Colomiers 2008"]
[Date "2008.02.28"]
[Round "5.14"]
[White "Collas, Silvia"]
[Black "Doucet, Romain"]
[Result "0-1"]
[WhiteElo "2405"]
[BlackElo "1900"]
[PlyCount "52"]
[EventDate "2008.02.??"]
[EventType "swiss"]
[EventRounds "9"]
[EventCountry "FRA"]

1. Nf3 Nf6 2. c4 g6 3. Nc3 Bg7 4. g3 d6 5. Bg2 e5 6. d3 O-O 7. O-O Nc6 8. Rb1
a5 9. a3 Nh5 10. b4 axb4 11. axb4 f5 12. Qb3 Nd4 13. Nxd4 exd4 14. Nb5 c5 15.
Bd5+ Kh8 16. Ba3 Qe7 17. Ra1 Ra6 18. Ra2 f4 19. Bf3 fxg3 20. hxg3 Be5 21. Kg2
Nxg3 22. fxg3 Qg5 23. Rh1 Bxg3 24. Nc7 Be1+ 25. Kf1 Qg3 26. Rh2 Bh3+ 0-1

[Event "3ème Open de l'Ouest Toulosain "]
[Site "Colomiers 2008"]
[Date "2008.02.28"]
[Round "5.18"]
[White "Domenech, Vianney"]
[Black "Cesbron, Guy"]
[Result "1-0"]
[WhiteElo "1897"]
[BlackElo "2108"]
[PlyCount "51"]
[EventDate "2008.02.??"]
[EventType "swiss"]
[EventRounds "9"]
[EventCountry "FRA"]

1. d4 e6 2. c3 f5 3. Nf3 Nf6 4. Bf4 Be7 5. Nbd2 O-O 6. e3 d5 7. Ne5 Nbd7 8.
Ndf3 c5 9. Bd3 c4 10. Bc2 Ne4 11. h4 Nxe5 12. Nxe5 Bd7 13. Rh3 b5 14. Bxe4 fxe4
15. Qg4 Rf5 16. h5 Be8 17. f3 b4 18. fxe4 bxc3 19. exf5 cxb2 20. Rb1 Qa5+ 21.
Kf2 Qxa2 22. f6 Bxf6 23. Qxe6+ Kh8 24. Ng6+ Bxg6 25. hxg6 h6 26. Rxh6+ 1-0

[Event "3ème Open de l'Ouest Toulosain "]
[Site "Colomiers 2008"]
[Date "2008.02.28"]
[Round "5.19"]
[White "Constantin, David"]
[Black "Muratet, Lucas"]
[Result "0-1"]
[WhiteElo "2094"]
[BlackElo "1882"]
[PlyCount "54"]
[EventDate "2008.02.??"]
[EventType "swiss"]
[EventRounds "9"]
[EventCountry "FRA"]

1. Nf3 f5 2. d4 Nf6 3. c4 g6 4. g3 Bg7 5. Bg2 O-O 6. O-O d6 7. Nc3 Qe8 8. d5 c6
9. Nd4 Bd7 10. Rb1 Na6 11. b4 Rb8 12. Ba3 Nc7 13. Qd3 g5 14. dxc6 bxc6 15. b5
cxb5 16. cxb5 Kh8 17. Nc6 Bxc6 18. bxc6 Rxb1 19. Rxb1 f4 20. Rb7 Ng4 21. Rxc7
Qh5 22. h3 fxg3 23. fxg3 Nf2 24. g4 Qh4 25. Qe3 Nxh3+ 26. Qxh3 Qf2+ 27. Kh1
Qe1+ 0-1

[Event "3ème Open de l'Ouest Toulosain "]
[Site "Colomiers 2008"]
[Date "2008.02.28"]
[Round "6.2"]
[White "Miladinovic, Igor"]
[Black "Sasu Ducsoara, Andreea"]
[Result "1-0"]
[WhiteElo "2604"]
[BlackElo "2223"]
[PlyCount "71"]
[EventDate "2008.02.??"]
[EventType "swiss"]
[EventRounds "9"]
[EventCountry "FRA"]

1. d4 Nf6 2. Bg5 e6 3. e3 c5 4. c3 Qb6 5. Qc2 Ne4 6. Bf4 d5 7. Bd3 Bd6 8. Bxe4
Bxf4 9. dxc5 Qc6 10. Bd3 Bh6 11. b4 f5 12. Nf3 O-O 13. Nbd2 a5 14. O-O g5 15.
Nd4 Qd7 16. Bb5 Qe7 17. f4 b6 18. cxb6 axb4 19. cxb4 gxf4 20. exf4 Qxb4 21.
N2b3 e5 22. Qc7 exd4 23. b7 Bxb7 24. Qxb7 Ra3 25. Qxd5+ Kh8 26. Nxd4 Bg7 27.
Nc2 Qa5 28. Nxa3 Qxa3 29. Rad1 Na6 30. Bxa6 Qxa6 31. Kh1 h6 32. h3 Qe2 33. a4
Bc3 34. Qd3 Qb2 35. Rb1 Qa3 36. Rf3 1-0

[Event "3ème Open de l'Ouest Toulosain "]
[Site "Colomiers 2008"]
[Date "2008.02.28"]
[Round "6.1"]
[White "Kasparov, Sergey"]
[Black "Abbasov, Farid"]
[Result "1/2-1/2"]
[WhiteElo "2458"]
[BlackElo "2519"]
[PlyCount "24"]
[EventDate "2008.02.??"]
[EventType "swiss"]
[EventRounds "9"]
[EventCountry "FRA"]

1. e4 c5 2. Nf3 Nc6 3. Bb5 e6 4. Bxc6 bxc6 5. O-O Ne7 6. d3 Ng6 7. Ng5 e5 8.
Qh5 Be7 9. f4 exf4 10. Bxf4 c4 11. Be3 Bxg5 12. Qxg5 Qxg5 1/2-1/2

[Event "3ème Open de l'Ouest Toulosain "]
[Site "Colomiers 2008"]
[Date "2008.02.28"]
[Round "6.3"]
[White "Libiszewski, Fabien"]
[Black "Arutinian, David"]
[Result "1/2-1/2"]
[WhiteElo "2468"]
[BlackElo "2576"]
[PlyCount "111"]
[EventDate "2008.02.??"]
[EventType "swiss"]
[EventRounds "9"]
[EventCountry "FRA"]

1. e4 c5 2. Nf3 d6 3. d4 cxd4 4. Nxd4 Nf6 5. Nc3 Nc6 6. Bc4 e6 7. Be3 a6 8. Qe2
Qc7 9. O-O-O Na5 10. Bd3 b5 11. g4 b4 12. Na4 Nd7 13. Nb3 Be7 14. Kb1 O-O 15.
g5 Nb7 16. Rhg1 Qc6 17. Nd4 Qc7 18. Rg3 Nbc5 19. Rh3 g6 20. Nxc5 Nxc5 21. f4
Re8 22. Qf2 Nxd3 23. cxd3 e5 24. Nf5 Bxf5 25. exf5 Qd7 26. Qh4 h5 27. fxg6 fxg6
28. fxe5 dxe5 29. Qc4+ Kg7 30. Rf3 Rf8 31. Rdf1 Rxf3 32. Rxf3 Rf8 33. Rxf8 Kxf8
34. Qxa6 Qf5 35. Qa8+ Kg7 36. Qe4 Qf1+ 37. Kc2 Qe2+ 38. Kb3 Qxh2 39. Qb7 Kf8
40. Qf3+ Kg7 41. Qb7 Kf8 42. Qa8+ Kg7 43. Qe8 Bf8 44. Qe6 Kh7 45. Qf7+ Bg7 46.
Qf2 Qh1 47. Kxb4 Qb7+ 48. Kc3 e4+ 49. d4 Qc6+ 50. Kd2 Qa6 51. a3 Qd3+ 52. Kc1
Kg8 53. Qd2 Qc4+ 54. Qc2 Qf1+ 55. Qd1 Qc4+ 56. Qc2 1/2-1/2

[Event "3ème Open de l'Ouest Toulosain "]
[Site "Colomiers 2008"]
[Date "2008.02.28"]
[Round "6.4"]
[White "Barsov, Alexei"]
[Black "Babaev, Rashad"]
[Result "1/2-1/2"]
[WhiteElo "2521"]
[BlackElo "2468"]
[PlyCount "21"]
[EventDate "2008.02.??"]
[EventType "swiss"]
[EventRounds "9"]
[EventCountry "FRA"]

1. d4 Nf6 2. c4 g6 3. Nf3 Bg7 4. g3 O-O 5. Bg2 d5 6. cxd5 Nxd5 7. O-O Nc6 8.
Nc3 Nb6 9. d5 Na5 10. Qc2 Nxd5 11. Rd1 1/2-1/2

[Event "3ème Open de l'Ouest Toulosain "]
[Site "Colomiers 2008"]
[Date "2008.02.28"]
[Round "6.5"]
[White "Kasparova, Tatiana"]
[Black "Mateo, Ramon"]
[Result "0-1"]
[WhiteElo "2172"]
[BlackElo "2484"]
[PlyCount "96"]
[EventDate "2008.02.??"]
[EventType "swiss"]
[EventRounds "9"]
[EventCountry "FRA"]

1. e4 c5 2. Nf3 a6 3. c4 e6 4. Nc3 Qc7 5. d4 cxd4 6. Nxd4 Nf6 7. Bd3 Bc5 8. Nf3
d6 9. Qe2 Nbd7 10. O-O O-O 11. b3 Re8 12. Bb2 Ba7 13. Rad1 Ne5 14. Bb1 Bd7 15.
Nd4 Rac8 16. Qd2 Bc5 17. Kh1 Bb4 18. Nde2 Bc6 19. Qg5 Bc5 20. h3 b5 21. cxb5
axb5 22. Nd4 b4 23. Ncb5 Bxb5 24. Nxb5 Qb6 25. f4 Ng6 26. Nxd6 Bxd6 27. e5 Bxe5
28. Bxe5 Nd5 29. Bd4 Qd6 30. Qg3 Qc7 31. Be5 Qa7 32. Bd4 Qa5 33. f5 exf5 34.
Rxf5 Qa8 35. Rdf1 f6 36. h4 Nde7 37. R5f2 Qd5 38. Qg4 h5 39. Qg3 Qxd4 40. Bxg6
Rc3 41. Rf3 Rxf3 42. Rxf3 Nxg6 43. Qxg6 Re4 44. Qf5 Rxh4+ 45. Rh3 Rxh3+ 46.
Qxh3 g6 47. Qc8+ Kg7 48. Qb7+ Kh6 0-1

[Event "3ème Open de l'Ouest Toulosain "]
[Site "Colomiers 2008"]
[Date "2008.02.28"]
[Round "6.6"]
[White "Fomichenko, Eduard"]
[Black "Doncea, Vladimir"]
[Result "1/2-1/2"]
[WhiteElo "2476"]
[BlackElo "2444"]
[PlyCount "24"]
[EventDate "2008.02.??"]
[EventType "swiss"]
[EventRounds "9"]
[EventCountry "FRA"]

1. Nf3 c5 2. c4 Nf6 3. g3 g6 4. Bg2 Bg7 5. O-O O-O 6. d4 cxd4 7. Nxd4 Nc6 8.
Nc3 Nxd4 9. Qxd4 d6 10. Qd2 Be6 11. Bxb7 Rb8 12. Bg2 Bxc4 1/2-1/2

[Event "3ème Open de l'Ouest Toulosain "]
[Site "Colomiers 2008"]
[Date "2008.02.28"]
[Round "6.7"]
[White "Leconte, Jean Olivier"]
[Black "Collas, Didier"]
[Result "0-1"]
[WhiteElo "2316"]
[BlackElo "2441"]
[PlyCount "76"]
[EventDate "2008.02.??"]
[EventType "swiss"]
[EventRounds "9"]
[EventCountry "FRA"]

1. d4 d5 2. Nf3 Nf6 3. Bf4 c5 4. dxc5 e6 5. e3 Bxc5 6. Bd3 Nc6 7. a3 O-O 8.
Nbd2 h6 9. b4 Bd6 10. b5 Na5 11. O-O b6 12. Be5 Bb7 13. Qe2 Ne4 14. Bb2 Rc8 15.
Nd4 Nc3 16. Qg4 Qg5 17. Qh3 Qf6 18. f4 Na4 19. Nf5 Nxb2 20. Nxd6 Rc3 21. Nf3
Nac4 22. Nxb7 Nxd3 23. cxd3 Rxd3 24. Nd6 Nxd6 25. Ne5 Rc3 26. Nd7 Qe7 27. Nxf8
Qxf8 28. Rac1 Qc8 29. Rxc3 Qxc3 30. a4 Nf5 31. e4 Qd4+ 32. Kh1 Qxe4 33. Qb3 h5
34. Rc1 Ne3 35. Qb2 Qxf4 36. Rc8+ Kh7 37. Qb1+ f5 38. a5 Ng4 0-1

[Event "3ème Open de l'Ouest Toulosain "]
[Site "Colomiers 2008"]
[Date "2008.02.28"]
[Round "6.8"]
[White "Abergel, Thal"]
[Black "Moiseev, Igor"]
[Result "1-0"]
[WhiteElo "2517"]
[BlackElo "2243"]
[PlyCount "91"]
[EventDate "2008.02.??"]
[EventType "swiss"]
[EventRounds "9"]
[EventCountry "FRA"]

1. e4 c5 2. Nc3 Nc6 3. Bb5 g6 4. Bxc6 dxc6 5. d3 Bg7 6. Be3 b6 7. Qd2 e5 8.
O-O-O h6 9. f4 exf4 10. Bxf4 g5 11. Bg3 Ne7 12. Nf3 O-O 13. h4 g4 14. Nh2 f5
15. Bf4 Kh7 16. g3 Ng6 17. Rhf1 h5 18. Bg5 Qd4 19. Rde1 Be6 20. Be3 Qd6 21. Bf4
Qd7 22. e5 a5 23. Kb1 a4 24. Re3 b5 25. Rfe1 b4 26. Ne2 Rfb8 27. Nf1 Qd5 28. c4
bxc3 29. Nxc3 Qd4 30. Ne2 Qd5 31. Nc3 Qd7 32. Qc2 a3 33. b3 Nxf4 34. gxf4 Bh6
35. Ne2 Rb4 36. Qxc5 Rxf4 37. Nxf4 Bxf4 38. Ng3 Kg6 39. Ne2 Bh6 40. Nd4 Bxe3
41. Rxe3 f4 42. Re4 f3 43. Rf4 Re8 44. Rf6+ Kg7 45. Qc1 Bg8 46. Qh6# 1-0

[Event "3ème Open de l'Ouest Toulosain "]
[Site "Colomiers 2008"]
[Date "2008.02.28"]
[Round "6.9"]
[White "Sanchez, Nicolas"]
[Black "Prasad, Devaki V"]
[Result "0-1"]
[WhiteElo "2216"]
[BlackElo "2409"]
[PlyCount "72"]
[EventDate "2008.02.??"]
[EventType "swiss"]
[EventRounds "9"]
[EventCountry "FRA"]

1. d4 d5 2. Nf3 Nf6 3. c4 dxc4 4. Nc3 a6 5. e4 b5 6. e5 Nd5 7. a4 Nxc3 8. bxc3
Bb7 9. Be2 e6 10. Ng5 Be7 11. Bf3 Nc6 12. Ne4 b4 13. O-O Rb8 14. Be3 Na5 15.
cxb4 Bxb4 16. Rb1 Bd5 17. Bg5 Qc8 18. Qc2 Nb3 19. Rfd1 Qb7 20. h4 a5 21. h5 h6
22. Be3 Qc6 23. g4 Qxa4 24. Qe2 Qc6 25. Bf4 a4 26. g5 hxg5 27. Bxg5 Be7 28.
Bxe7 Kxe7 29. Qe3 a3 30. Qg5+ Kf8 31. Qf4 a2 32. Ng5 Qe8 33. Rxb3 cxb3 34. Bxd5
exd5 35. e6 f6 36. Re1 Qxh5 0-1

[Event "3ème Open de l'Ouest Toulosain "]
[Site "Colomiers 2008"]
[Date "2008.02.28"]
[Round "6.11"]
[White "Doucet, Romain"]
[Black "Ivanova, Svetlana"]
[Result "0-1"]
[WhiteElo "1900"]
[BlackElo "2302"]
[PlyCount "58"]
[EventDate "2008.02.??"]
[EventType "swiss"]
[EventRounds "9"]
[EventCountry "FRA"]

1. d4 f5 2. c4 Nf6 3. Nc3 e6 4. Nf3 b6 5. Bg5 Be7 6. e3 Bb7 7. Be2 O-O 8. O-O
d6 9. Nd2 e5 10. d5 Nxd5 11. cxd5 Bxg5 12. Nf3 a6 13. Qb3 Nd7 14. Rac1 Nc5 15.
Qc2 a5 16. a3 a4 17. Bb5 Ba6 18. Nxg5 Qxg5 19. f4 Qe7 20. Rf3 exf4 21. exf4
Bxb5 22. Nxb5 Rae8 23. Nd4 Qf7 24. Qc4 Re4 25. Rd1 Rfe8 26. Kf2 Qh5 27. Rh1 Nb3
28. Rd1 Qxh2 29. Qxa4 Nxd4 0-1

[Event "3ème Open de l'Ouest Toulosain "]
[Site "Colomiers 2008"]
[Date "2008.02.28"]
[Round "6.14"]
[White "Genestous, Patrick"]
[Black "Hervet, Gilles"]
[Result "0-1"]
[WhiteElo "2175"]
[BlackElo "2010"]
[PlyCount "46"]
[EventDate "2008.02.??"]
[EventType "swiss"]
[EventRounds "9"]
[EventCountry "FRA"]

1. e4 c5 2. Nf3 d6 3. Nc3 Nf6 4. d4 cxd4 5. Nxd4 a6 6. Be3 e5 7. Nb3 Be6 8. Qd2
b5 9. f3 Nbd7 10. Bd3 Nb6 11. Qf2 Nc4 12. Bxc4 bxc4 13. Bb6 Qc8 14. Nd2 Rb8 15.
Rb1 d5 16. exd5 Nxd5 17. Nxd5 Bxd5 18. c3 Bd6 19. Rd1 Qc6 20. Ne4 Bxe4 21. Rxd6
Qxd6 22. Bc5 Qd3 23. fxe4 Qb1+ 0-1

[Event "3ème Open de l'Ouest Toulosain "]
[Site "Colomiers 2008"]
[Date "2008.02.28"]
[Round "6.15"]
[White "Kirk, Jason"]
[Black "Lacroix, Romain"]
[Result "1-0"]
[WhiteElo "1971"]
[BlackElo "2161"]
[PlyCount "87"]
[EventDate "2008.02.??"]
[EventType "swiss"]
[EventRounds "9"]
[EventCountry "FRA"]

1. Nf3 d5 2. c4 c6 3. d4 Nf6 4. Nc3 a6 5. e3 b5 6. c5 Bg4 7. Qc2 Nbd7 8. Nd2 e5
9. f3 Bh5 10. a3 Be7 11. b4 a5 12. Bb2 exd4 13. exd4 Bg6 14. Bd3 O-O 15. O-O
Nh5 16. Ne2 Qc7 17. f4 Bxd3 18. Qxd3 f5 19. Nf3 Nxf4 20. Nxf4 Qxf4 21. Rae1 Bd8
22. Bc1 Qc7 23. Ne5 Nxe5 24. Rxe5 axb4 25. axb4 g6 26. Bh6 Bf6 27. Re6 Bg7 28.
Bf4 Qd7 29. Rd6 Qc8 30. Be5 Re8 31. Qg3 Re7 32. h4 Bxe5 33. dxe5 Kh8 34. Qg5
Re6 35. h5 Qe8 36. h6 Qg8 37. Re1 Rae8 38. Ra1 Qf8 39. Ra7 f4 40. Rdd7 Qg8 41.
Rg7 Qxg7 42. hxg7+ Kg8 43. Qxf4 Rf8 44. gxf8=R# 1-0

[Event "3ème Open de l'Ouest Toulosain "]
[Site "Colomiers 2008"]
[Date "2008.02.28"]
[Round "6.16"]
[White "Baas, Laurent"]
[Black "Zarrouati, Pierre"]
[Result "0-1"]
[WhiteElo "1957"]
[BlackElo "2160"]
[PlyCount "46"]
[EventDate "2008.02.??"]
[EventType "swiss"]
[EventRounds "9"]
[EventCountry "FRA"]

1. d4 Nf6 2. Nf3 g6 3. c4 Bg7 4. Nc3 c5 5. e4 cxd4 6. Nxd4 d6 7. Be2 Nc6 8. Be3
Bd7 9. O-O Nxd4 10. Bxd4 Bc6 11. f3 O-O 12. Qd2 Nh5 13. Be3 f5 14. exf5 gxf5
15. Nb5 a6 16. Nd4 Qd7 17. Rfd1 f4 18. Bf2 Be5 19. Nb3 Rf5 20. Bh4 Ng7 21. Bd3
Rh5 22. Bf2 Bxf3 23. gxf3 Qh3 0-1

[Event "3ème Open de l'Ouest Toulosain "]
[Site "Colomiers 2008"]
[Date "2008.02.29"]
[Round "7.1"]
[White "Milandinovic, Igor"]
[Black "Kasparov, Sergey"]
[Result "1/2-1/2"]
[WhiteElo "2604"]
[BlackElo "2458"]
[PlyCount "148"]
[EventDate "2008.02.??"]
[EventType "swiss"]
[EventRounds "9"]
[EventCountry "FRA"]

1. d4 c5 2. c3 Nf6 3. Nf3 Qc7 4. Bg5 d5 5. e3 e6 6. Nbd2 Nc6 7. Bd3 Be7 8. Rc1
e5 9. dxe5 Nxe5 10. Nxe5 Qxe5 11. Bb5+ Kf8 12. Nf3 Qe6 13. c4 a6 14. cxd5 Qxd5
15. Qa4 Bd7 16. Bxd7 Qxd7 17. Qc2 Qb5 18. Bxf6 gxf6 19. Nd2 Rd8 20. Ne4 Rg8 21.
g3 Kg7 22. Nc3 Qd3 23. Qxd3 Rxd3 24. Ke2 Rgd8 25. Nb1 f5 26. Rc2 Kf6 27. Rhc1
Ke6 28. Nd2 R3d5 29. Nb3 b6 30. a4 Rc8 31. Rc4 Kf6 32. R4c2 Rc7 33. Nd2 Rb7 34.
h3 h5 35. Nb1 Rd8 36. h4 Ke6 37. Na3 b5 38. axb5 axb5 39. Nb1 Ra7 40. Nd2 Rd5
41. Nb3 Ra2 42. Rb1 Ra8 43. Nc1 Bd6 44. Nd3 Ra2 45. Nc1 Ra8 46. b3 Ra3 47. Rbb2
Be5 48. Ra2 Rxa2 49. Nxa2 Bf6 50. Nc1 Be7 51. Nd3 Bd6 52. f3 Bxg3 53. Nxc5+ Kd6
54. Nd3 Bxh4 55. Ra2 Ke7 56. Nf4 Rc5 57. Ra5 Bg3 58. Ra7+ Kd8 59. Nxh5 f4 60.
Nxg3 fxg3 61. Rxf7 Rg5 62. Kf1 g2+ 63. Kg1 Rg3 64. b4 Ke8 65. Rf5 Kd7 66. e4
Ke6 67. f4 Rg4 68. Re5+ Kf6 69. Re8 Kf7 70. Re5 Kf6 71. Rf5+ Ke6 72. Rxb5 Rxf4
73. Kxg2 Rxe4 74. Kf3 Rh4 1/2-1/2

[Event "3ème Open de l'Ouest Toulosain "]
[Site "Colomiers 2008"]
[Date "2008.02.29"]
[Round "7.2"]
[White "Mateo, Ramon"]
[Black "Abbasov, Farid"]
[Result "1/2-1/2"]
[WhiteElo "2484"]
[BlackElo "2519"]
[PlyCount "31"]
[EventDate "2008.02.??"]
[EventType "swiss"]
[EventRounds "9"]
[EventCountry "FRA"]

1. e4 c5 2. Nf3 Nc6 3. d4 cxd4 4. Nxd4 Nf6 5. Nc3 d6 6. Bg5 e6 7. Qd2 a6 8.
O-O-O Bd7 9. f3 b5 10. Nxc6 Bxc6 11. Qe1 Be7 12. e5 Nd5 13. Bxe7 Qxe7 14. exd6
Qxd6 15. Nxd5 Bxd5 16. Kb1 1/2-1/2

[Event "3ème Open de l'Ouest Toulosain "]
[Site "Colomiers 2008"]
[Date "2008.02.29"]
[Round "7.3"]
[White "Arutinian, David"]
[Black "Abergel, Thal"]
[Result "1/2-1/2"]
[WhiteElo "2576"]
[BlackElo "2517"]
[PlyCount "77"]
[EventDate "2008.02.??"]
[EventType "swiss"]
[EventRounds "9"]
[EventCountry "FRA"]

1. d4 d5 2. c4 c6 3. Nf3 Nf6 4. Nc3 a6 5. c5 Nbd7 6. g3 g6 7. Bg2 Bg7 8. O-O
O-O 9. Qc2 Nh5 10. e4 dxe4 11. Nxe4 Ndf6 12. Nc3 Qc7 13. Re1 Be6 14. Rxe6 fxe6
15. Qe2 Nd7 16. Qxe6+ Kh8 17. Be3 Bf6 18. Ne4 Ng7 19. Qc4 Rad8 20. Nfg5 Bxg5
21. Nxg5 e6 22. Bh3 Rde8 23. Bxe6 Ne5 24. dxe5 Nxe6 25. Nxe6 Qf7 26. Rd1 Rxe6
27. f4 Rd6 28. Rd4 Rxd4 29. Qxd4 Qd5 30. Qxd5 cxd5 31. Kg2 Kg8 32. h4 h5 33.
Kf3 Rd8 34. Bd4 Kf7 35. b4 a5 36. b5 a4 37. a3 Ra8 38. Bc3 Rc8 39. Bd4 1/2-1/2

[Event "3ème Open de l'Ouest Toulosain "]
[Site "Colomiers 2008"]
[Date "2008.02.29"]
[Round "7.6"]
[White "Babaev, Rashad"]
[Black "Marholev, Dimitar"]
[Result "1/2-1/2"]
[WhiteElo "2468"]
[BlackElo "2401"]
[PlyCount "59"]
[EventDate "2008.02.??"]
[EventType "swiss"]
[EventRounds "9"]
[EventCountry "FRA"]

1. e4 e5 2. Nf3 Nc6 3. Bb5 a6 4. Ba4 Nf6 5. O-O Be7 6. d3 d6 7. c3 O-O 8. Nbd2
h6 9. Re1 Nh7 10. d4 b5 11. Bb3 Bf6 12. Bd5 Bd7 13. dxe5 dxe5 14. Nb3 Qe7 15.
Be3 Rfd8 16. Qc2 Ng5 17. Nxg5 Bxg5 18. Nc5 Be8 19. Qe2 Bxe3 20. Qxe3 a5 21. a3
a4 22. Nd3 Kh8 23. Qg3 f6 24. f4 exf4 25. Nxf4 Ra6 26. Ne6 Rd6 27. Nc5 Rb6 28.
Nd3 Ne5 29. Red1 c6 30. Nxe5 1/2-1/2

[Event "3ème Open de l'Ouest Toulosain "]
[Site "Colomiers 2008"]
[Date "2008.02.29"]
[Round "7.7"]
[White "Collas, Didier"]
[Black "Libiszewski, Fabien"]
[Result "1/2-1/2"]
[WhiteElo "2441"]
[BlackElo "2468"]
[PlyCount "20"]
[EventDate "2008.02.??"]
[EventType "swiss"]
[EventRounds "9"]
[EventCountry "FRA"]

1. d4 Nf6 2. Nf3 g6 3. g3 Bg7 4. Bg2 O-O 5. O-O d6 6. Nbd2 c5 7. dxc5 dxc5 8.
c3 Nc6 9. Nc4 Be6 10. Qxd8 Raxd8 1/2-1/2

[Event "3ème Open de l'Ouest Toulosain "]
[Site "Colomiers 2008"]
[Date "2008.02.29"]
[Round "7.8"]
[White "Zarrouati, Pierre"]
[Black "Leconte, Jean Olivier"]
[Result "1/2-1/2"]
[WhiteElo "2160"]
[BlackElo "2316"]
[PlyCount "78"]
[EventDate "2008.02.??"]
[EventType "swiss"]
[EventRounds "9"]
[EventCountry "FRA"]

1. c4 c5 2. Nc3 Nc6 3. Nf3 e5 4. d3 g6 5. g3 Bg7 6. h4 h6 7. g4 d6 8. Rg1 Be6
9. Bd2 Qd7 10. Nd5 O-O-O 11. g5 Nd4 12. Nxd4 cxd4 13. Bg2 Kb8 14. Qb3 Ne7 15.
Nf6 Bxf6 16. gxf6 Ng8 17. Bb4 Qc7 18. Qa3 Nxf6 19. c5 d5 20. c6 Ne8 21. cxb7
Qxb7 22. Rc1 f6 23. Kd2 Rh7 24. Rc5 Rc8 25. Ra5 Rhc7 26. Bc5 a6 27. Rc1 Rc6 28.
b4 Nc7 29. Qb3 Nb5 30. Bxd5 Qf7 31. Bxe6 Qxe6 32. Qxe6 Rxe6 33. e3 dxe3+ 34.
fxe3 Rd8 35. Ke2 Kb7 36. a4 Nc7 37. b5 Ra8 38. Rb1 axb5 39. Rxa8 Kxa8 1/2-1/2

[Event "3ème Open de l'Ouest Toulosain "]
[Site "Colomiers 2008"]
[Date "2008.02.29"]
[Round "7.9"]
[White "Ivanova, Svetlana"]
[Black "Kasparova, Tatiana"]
[Result "0-1"]
[WhiteElo "2302"]
[BlackElo "2172"]
[PlyCount "118"]
[EventDate "2008.02.??"]
[EventType "swiss"]
[EventRounds "9"]
[EventCountry "FRA"]

1. e4 c6 2. d4 d5 3. Nc3 dxe4 4. Nxe4 Bf5 5. Ng3 Bg6 6. Nf3 Nd7 7. h4 h6 8. h5
Bh7 9. Bd3 Bxd3 10. Qxd3 e6 11. Bd2 Ngf6 12. O-O-O Be7 13. Kb1 O-O 14. Ne4 c5
15. dxc5 Nxc5 16. Nxc5 Bxc5 17. Qc4 Qd5 18. Qxd5 Nxd5 19. Rhf1 Nf6 20. Ne5 Rfd8
21. Be3 Bxe3 22. fxe3 Nxh5 23. c4 f6 24. Nd7 Rdc8 25. b3 Ng3 26. Rfe1 Ne4 27.
Rd4 Ng5 28. Rc1 Kf7 29. b4 e5 30. Rd5 Ne4 31. Kb2 Rc7 32. Kb3 Ke6 33. Rcd1 Rac8
34. c5 h5 35. a4 b6 36. Kc4 g5 37. R1d3 h4 38. Kb5 bxc5 39. Nxc5+ Nxc5 40. Rxc5
f5 41. a5 g4 42. Rcd5 Kf6 43. Ka6 h3 44. gxh3 gxh3 45. b5 h2 46. Rd1 Rh7 47.
Rh1 Rc2 48. Rd6+ Kg5 49. Rd5 e4 50. Rf1 h1=Q 51. Rdxf5+ Kg4 52. R5f4+ Kg3 53.
Rxh1 Rxh1 54. Kxa7 Rh5 55. Rxe4 Rxb5 56. a6 Rc7+ 57. Ka8 Rb6 58. Ra4 Rg6 59.
Kb8 Re7 0-1

[Event "3ème Open de l'Ouest Toulosain "]
[Site "Colomiers 2008"]
[Date "2008.02.29"]
[Round "7.10"]
[White "Peric, Slavisa"]
[Black "Troubat, Michael"]
[Result "1-0"]
[WhiteElo "2258"]
[BlackElo "2085"]
[PlyCount "61"]
[EventDate "2008.02.??"]
[EventType "swiss"]
[EventRounds "9"]
[EventCountry "FRA"]

1. d4 e6 2. Nf3 d5 3. c4 c6 4. Qc2 f5 5. Nc3 Bd6 6. Bg5 Nf6 7. e3 O-O 8. Bd3 h6
9. Bh4 g5 10. Bg3 Ne4 11. Bxd6 Qxd6 12. Ne5 Nd7 13. Nxd7 Bxd7 14. f3 Nf6 15.
O-O-O Rac8 16. Kb1 c5 17. dxc5 Qxc5 18. cxd5 Nxd5 19. Nxd5 Qxd5 20. Qe2 Qe5 21.
h4 f4 22. hxg5 Qxe3 23. Qxe3 fxe3 24. Rxh6 Rf7 25. Rdh1 Rg7 26. g6 Kf8 27. Rh8+
Ke7 28. Rxc8 Bxc8 29. Rh7 Kf6 30. Rxg7 Kxg7 31. Kc1 1-0

[Event "3ème Open de l'Ouest Toulosain "]
[Site "Colomiers 2008"]
[Date "2008.02.29"]
[Round "7.11"]
[White "Sasu Ducsoara, Andreea"]
[Black "Kirk, Jason"]
[Result "1-0"]
[WhiteElo "2223"]
[BlackElo "1971"]
[PlyCount "35"]
[EventDate "2008.02.??"]
[EventType "swiss"]
[EventRounds "9"]
[EventCountry "FRA"]

1. e4 c5 2. Nf3 d6 3. d4 cxd4 4. Qxd4 Bd7 5. c4 Nc6 6. Qd2 Nf6 7. Nc3 g6 8. b3
Bg7 9. Bb2 O-O 10. Bd3 Qa5 11. O-O Qh5 12. Nd5 Bg4 13. Nxf6+ Bxf6 14. Bxf6 Bxf3
15. gxf3 Qxf3 16. Bh4 Ne5 17. Be2 Qxe4 18. f4 1-0

[Event "3ème Open de l'Ouest Toulosain "]
[Site "Colomiers 2008"]
[Date "2008.02.29"]
[Round "7.15"]
[White "Sanchez Rojo, Gustavo"]
[Black "Doucet, Romain"]
[Result "1-0"]
[WhiteElo "2245"]
[BlackElo "1900"]
[PlyCount "45"]
[EventDate "2008.02.??"]
[EventType "swiss"]
[EventRounds "9"]
[EventCountry "FRA"]

1. e4 c5 2. Nc3 e6 3. f4 a6 4. Nf3 b5 5. g3 Bb7 6. d3 d6 7. Bg2 Nd7 8. O-O Qc7
9. Bd2 g6 10. Qe2 Bg7 11. f5 Ne5 12. fxe6 fxe6 13. Bh3 Bc8 14. Nxe5 Bxe5 15.
Rae1 Qg7 16. Bf4 Bxf4 17. Rxf4 e5 18. Bxc8 exf4 19. Be6 fxg3 20. e5 Qf8 21.
hxg3 Kd8 22. Qe4 Ra7 23. Qc6 1-0

[Event "3ème Open de l'Ouest Toulosain "]
[Site "Colomiers 2008"]
[Date "2008.02.29"]
[Round "7.19"]
[White "Genestous, Patrick"]
[Black "Baas, Laurent"]
[Result "0-1"]
[WhiteElo "2175"]
[BlackElo "1957"]
[PlyCount "55"]
[EventDate "2008.02.??"]
[EventType "swiss"]
[EventRounds "9"]
[EventCountry "FRA"]

1. d4 d5 2. c3 Nf6 3. Bg5 Ne4 4. Bf4 c5 5. f3 Nf6 6. dxc5 e6 7. Bxb8 Rxb8 8.
Qa4+ Nd7 9. b4 a5 10. a3 Be7 11. e4 dxe4 12. fxe4 O-O 13. Nf3 axb4 14. cxb4
Nxc5 15. bxc5 Bxc5 16. Nbd2 Bd7 17. Qb3 Bc6 18. Bb5 Qa5 19. a4 Bxe4 20. Ke2 Bd5
21. Nc4 Qc7 22. Qc3 Ba7 23. Rhc1 Rbc8 24. Qe5 Qc5 25. Nfd2 Bxc4+ 26. Nxc4 Qf2+
27. Kd3 Rfd8+ 28. Nd6 0-1